Statystyki dla Zwycięzcy Raw Air

Kliknij tutaj aby rozwiązać quiz!

Ogólne statystyki

  • Ten quiz został rozwiązany 12 razy
  • Średni wynik to 6 z 7

Statystyki odpowiedzi

RokZwyciezca% Poprawnych
2018Kamil Stoch
100%
2020Kamil Stoch
100%
2017Stefan Kraft
92%
2022Stefan Kraft
92%
2024Stefan Kraft
92%
2019Ryoyu Kobayashi
75%
2023H.E.Granerud
0%

Rozkład punktacji

Percentyl według liczby udzielonych odpowiedzi

Procent ludzi z każdym wynikiem

Twoja historia wyników

Nie rozwiązałeś tego quizu